000 01293nam a2200349 a 4500
001 000110061
003 CHAP
005 20220329144117.0
008 140626s2014 mx sm |||||||spa d
010 _a106523
011 _a107495
040 _cCHAP
090 _aTesis
100 0 0 _aDíaz Ríos, Manuel de Jesús.
_933624
245 1 0 _aEcuaciones alométricas para estimar biomasa y carbono en Aile (Alnus acuminata Kunth) mediante un método no destructivo
_h[En línea]
_cpor Manuel de Jesús Díaz Ríos.
260 _aChapingo, Méx. :
_bEl autor,
_c2014.
500 _aPara ver el contenido del material haga clic en la liga
502 _aTesis (M. C. en Agroforestería para el Desarrollo Sostenible) -- UACH. Departamento de Suelos
590 _aBATCH-UPD
_b05
_c20141002
_lUCH01
_h0905
590 _aE6096MTM
_b05
_c20140626
_lUCH01
_h1400
590 _aE6096MTM
_b05
_c20140626
_lUCH01
_h1400
590 _aE6096MTM
_b05
_c20140626
_lUCH01
_h1407
650 1 4 _aAlnus.
_94552
650 1 4 _aÁrboles
_xVariedades.
_982441
650 1 4 _aBiomasa forestal.
_9124964
650 1 4 _aCarbono
_xEfecto en plantas.
_918831
650 1 4 _aEcuaciones.
_935304
856 _aFinding aid
_uhttp://10.13.5.2/tesis/sist110061.pdf
_zTeclea aquí
901 _aBK
942 _cTESIS
942 _n0
999 _c106523
_d106523